Neuro-evolúcia autonómneho automobilu

Guardado en:
Detalles Bibliográficos
Autor principal: Horka, Adam (Autor)
Otros Autores: Sekaj, Ivan (Orientador)
Formato: Manuscrito Libro
Lenguaje:eslovaco
Publicado: Bratislava : STU v Bratislave FEI, 2021
Materias:
Acceso en línea:https://opac.crzp.sk/?fn=detailBiblioForm&sid=38F43C5054BC4F7F29BEC4F31F28&seo=CRZP-detail-kniha
Etiquetas: Agregar Etiqueta
Sin Etiquetas, Sea el primero en etiquetar este registro!

MARC

LEADER 00000ntm a22000003a 4500
001 stuzp82595
003 SK-STU
005 20211108130849.5
007 ta
008 150427s2015----xo-----f-mn---000-0-slo-d
040 |a STU  |b slo 
041 0 |a slo 
044 |a xo 
100 1 |a Horka, Adam  |u 031000  |4 aut  |U FEI Fakulta elektrotechniky a informatiky  |T FEI Ústav robotiky a kybernetiky  |X 98334  |U E011  |Y 356  |7 98334 
242 0 1 |a Neuroevolution of Autonomous Car  |y eng 
245 1 0 |a Neuro-evolúcia autonómneho automobilu 
260 |a Bratislava :  |b STU v Bratislave FEI,  |c 2021 
300 |a 57 s., príl. 
650 4 |a neuro-evolúcia  |2 slo 
650 4 |a umelé neurónové siete  |2 slo 
650 4 |a genetický algoritmus  |2 slo 
650 4 |a autonómny automobil  |2 slo 
650 4 |a Matlab  |2 slo 
650 4 |a neuro-evolution  |2 eng 
650 4 |a artificial neural network  |2 eng 
650 4 |a genetic algorithm  |2 eng 
650 4 |a autonomous car  |2 eng 
650 4 |a Matlab  |2 eng 
700 1 |a Sekaj, Ivan  |u 031000  |k Z1  |4 ths  |U FEI Fakulta elektrotechniky a informatiky  |T FEI Ústav robotiky a kybernetiky  |X 4946  |U E011  |Y 356  |7 A000004946 
856 4 |u https://opac.crzp.sk/?fn=detailBiblioForm&sid=38F43C5054BC4F7F29BEC4F31F28&seo=CRZP-detail-kniha